[Event "EYCC Open-U18 2019"]
[Site "Bratislava"]
[Date "2019.08.05"]
[Round "4.18"]
[White "Fus, Jakub"]
[Black "Kukas, Oliver"]
[Result "1-0"]
[WhiteElo "2341"]
[BlackElo "2082"]
[Annotator "NA"]
[PlyCount "49"]
[EventDate "2019.08.02"]
[EventType "swiss"]
[EventCountry "SVK"]
[SourceTitle "playchess.com"]
[Source "ChessBase"]
[SourceQuality "1"]
[TimeControl "40/5400+30:1800+30"]

1. d4 {[%emt 0:00:00]} Nf6 {[%emt 0:00:00]} 2. c4 {[%emt 0:00:00]} g6 {[%emt 0:00:00]} 3. Nc3 {[%emt 0:00:24]} d5 {[%emt 0:00:00]} 4. Bg5 {[%emt 0:00:57]} Ne4 {[%emt 0:00:18]} 5. Bh4 {[%emt 0:00:11]} Nxc3 {[%emt 0:00:10]} 6. bxc3 dxc4 {[%emt 0:00:19]} 7. e3 {[%emt 0:00:37]} Be6 {[%emt 0:01:18]} 8. Qb1 {[%emt 0:00:38]} Qd5 {[%emt 0:00:27]} 9. Nf3 {[%emt 0:06:03]} Bg7 {[%emt 0:02:13]} 10. Be2 {[%emt 0:01:06]} Nd7 {[%emt 0:00:17]} 11. O-O {[%emt 0:06:24]} Nb6 {[%emt 0:00:22]} 12. a4 {[%emt 0:06:26]} Bf5 {[%emt 0:00:48]} 13. Qb4 {[%emt 0:08:30]} Qd6 {[%emt 0:05:14]} 14. Qxd6 {[%emt 0:01:48]} exd6 {[%emt 0:07:45]} 15. a5 {[%emt 0:01:13]} Nd5 {[%emt 0:03:36]} 16. Bxc4 {[%emt 0:03:04]} Nxc3 {[%emt 0:05:06]} 17. Rfc1 {[%emt 0:02:05]} Ne4 {[%emt 0:18:37]} 18. a6 {[%emt 0:01:06]} Rb8 {[%emt 0:10:51]} 19. axb7 {[%emt 0:00:56]} c6 {[%emt 0:03:52]} 20. Rxa7 {[%emt 0:01:30]} Kd7 {[%emt 0:06:01]} 21. Bd3 {[%emt 0:04:29]} Kc7 {[%emt 0:03:09]} 22. Ra6 {[%emt 0:08:48]} c5 {[%emt 0:09:58]} 23. Bxe4 {[%emt 0:00:53]} Bxe4 {[%emt 0:00:12]} 24. Bg3 {[%emt 0:00:53]} Kxb7 {[%emt 0:03:15]} 25. Rxd6 {[%emt 0:00:32]} 1-0

[Event "EYCC Open-U18 2019"]
[Site "Bratislava"]
[Date "2019.08.05"]
[Round "4.19"]
[White "Kozak, Antoni"]
[Black "Vardanyan, Aras"]
[Result "1-0"]
[WhiteElo "2365"]
[BlackElo "2027"]
[Annotator "TA"]
[PlyCount "135"]
[EventDate "2019.08.02"]
[EventType "swiss"]
[EventCountry "SVK"]
[SourceTitle "playchess.com"]
[Source "ChessBase"]
[SourceQuality "1"]

{[%evp 10,135,53,48,65,68,130,121,154,147,140,154,185,152,190,186,170,176,189,172,170,173,183,184,211,185,172,147,131,140,310,184,184,183,171,184,187,184,181,185,230,229,234,231,246,237,300,226,270,105,103,100,103,86,99,91,103,98,458,458,454,453,447,440,433,425,418,281,214,192,370,292,418,410,418,410,410,410,369,315,300,300,300,300,300,293,292,292,380,380,503,487,472,457,447,292,412,292,292,292,292,292,292,292,235,0,273,248,292,293,285,285,1163,1145,766,576,6605,6583,6512,6499,6070,6070,6070,5667,5321,5513,4610,569]} 1. d4 Nf6 2. c4 c5 3. d5 e6 4. Nf3 exd5 5. cxd5 d6 6. e4 a6 {E10: Blumenfeld Gambit} (6... g6 7. h3 Bg7 8. Bd3 O-O 9. O-O c4 10. Bc2 Na6 11. Na3 Re8 12. Re1 Nc5 13. Bg5 h6 14. Be3 c3 15. Bxc5 cxb2 {1-0 (56) Zoler,D (2503)-Rechlis,G (2526) Israel 2019}) 7. Bd3 b5 (7... Bg4 $14) 8. a4 Qa5+ $146 {White is better.} ({Predecessor:} 8... b4 9. Nbd2 Bg4 10. h3 Bxf3 11. Qxf3 Nbd7 12. Qe2 a5 13. Bb5 Be7 14. Nc4 {1-0 (44) Voiska,M (2316)-Golubenko,V (2245) Bol 2015}) 9. Bd2 b4 10. Na3 Bg4 11. Nc4 Qc7 12. h3 Bxf3 13. Qxf3 ({Much less strong is} 13. gxf3 Be7 $16) 13... Nbd7 14. O-O Ne5 15. Qe2 Nxd3 16. Qxd3 Nd7 17. Bf4 {Black must now prevent Qg3.} Nb6 18. e5 {[%cal Re5d6]} Nxc4 19. Qxc4 Qb6 $2 (19... Be7 $16 {was necessary.}) 20. exd6 (20. Rfe1 $142) 20... Bxd6 $18 21. Rfe1+ Kf8 22. Rac1 h5 23. Bxd6+ Qxd6 24. Qxc5 Rh6 25. Qd4 {Rc6 is the strong threat.} Rd8 26. Rc5 ({Don't blunder} 26. Rc6 $2 Qxc6 $1 {[%mdl 512]} 27. dxc6 Rxd4 $19) 26... Rf6 27. Qxb4 $40 {[%mdl 128] White has strong attack.} Rf4 28. Qa3 {Rc8! would kill now.} Rxa4 {[#]} 29. Qxa4 $2 (29. Qc3 $1 $18 {Strongly threatening Rc8.} Qd7 30. Rd1) 29... Qxc5 $16 30. Qxa6 Qxd5 $18 {[%mdl 4096] Endgame KQR-KQR} 31. Qb6 Kg8 32. b4 Kh7 33. Qa5 Qxa5 $4 {[%mdl 8192]} (33... Kg6 $16) 34. bxa5 $16 {KR-KR} Ra8 35. Ra1 Kg6 36. Kf1 Kf6 37. Ke2 Ke6 38. Ke3 Ra6 39. Ke4 g6 $2 (39... Kd7 40. Rd1+ Kc7) 40. h4 Kd6 (40... Kd7 {was called for.} 41. f3 Kc7) 41. Kf4 $18 Kd5 42. Kg5 Ke6 43. f3 Ke7 44. Ra3 Kf8 45. Kf4 Ke7 46. Ke5 Kd7 47. f4 Re6+ 48. Kd5 Kc7 49. a6 {[%cal Ba5a6,Ba6a7][%mdl 32] Hoping for a7.} Kb8 50. a7+ Ka8 51. g3 Re8 52. Kd4 Re7 (52... Re6 {is a better defense.} 53. Re3 Rd6+ 54. Kc5 Ra6) 53. Kd3 Re8 54. Ra4 Re1 {intending ...Rg1.} 55. Kd2 Re7 56. Ra3 Re6 57. Kd3 Re8 $1 58. Ra5 Re7 59. Kd4 Re1 60. f5 Rf1 $2 (60... Rb1 61. Ra6 Rb4+ 62. Ke3 Rb3+ 63. Kf4 Rb4+ 64. Kf3 Rb3+ 65. Kg2 gxf5) 61. fxg6 {White is clearly winning.} fxg6 62. Ra6 Rf3 63. Rxg6 Kxa7 64. Ke4 Rb3 65. Kf4 Kb7 66. Rg5 Rb4+ 67. Kf5 Rb3 68. Ke4 {Accuracy: White = 74%, Black = 37%.} (68. Kg6 $142 Kc6 69. Kxh5) 1-0

[Event "EYCC Open-U18 2019"]
[Site "Bratislava"]
[Date "2019.08.05"]
[Round "4.20"]
[White "Godzwon, Iwo"]
[Black "Maksimovic, Bojan"]
[Result "1/2-1/2"]
[WhiteElo "2285"]
[BlackElo "2326"]
[Annotator "TA"]
[PlyCount "76"]
[EventDate "2019.08.02"]
[EventType "swiss"]
[EventCountry "SVK"]
[SourceTitle "playchess.com"]
[Source "ChessBase"]
[SourceQuality "1"]

{[%evp 11,76,12,31,14,24,19,14,14,14,15,15,14,16,4,12,0,2,12,20,-2,7,0,0,0,0,0,0,-10,-7,0,19,23,27,0,0,0,0,1,12,16,0,0,0,-28,-26,-20,-27,-20,-18,-62,-62,-63,-62,-63,-75,-84,-4,-4,-4,-4,-4,-10,0,0,0,-4,-4]} 1. e4 c6 2. d4 d5 3. Nd2 dxe4 4. Nxe4 Nf6 5. Nxf6+ exf6 6. Bc4 Be7 7. Nf3 {B15: Caro-Kann: 3 Nc3: 3...g6 and 3...dxe4 4 Nxe4 Nf6 5 Nxf6+ exf6} O-O 8. O-O Bg4 (8... Bd6 9. Re1 Bg4 10. h3 Bh5 11. g4 Bg6 12. Nh4 Nd7 13. c3 Qc7 14. Nxg6 hxg6 {½-½ (153) Dann,M (2520)-Svane,R (2605) Karlsruhe 2019}) 9. Re1 Nd7 {[%cal Bb8d7,Bd7b6,Bb6d5][%mdl 32]} 10. Bf4 $146 ({Predecessor:} 10. c3 Nb6 11. Bb3 Nd5 12. h3 Bf5 13. Nh4 Be6 14. Bc2 {1-0 (44) Truksa,V (1662)-Berka,L (1867) Plzen 2012}) 10... Nb6 11. Bb3 Re8 12. c3 Nd5 13. Bg3 Bh5 14. Qd3 a5 15. Bc2 (15. a4 {is more complex.} Bg6 16. Qf1 Qd7 17. Nd2 b6 18. Nc4) 15... Bg6 16. Qd2 b5 17. a4 Qd7 18. Bb3 Bf5 19. h3 Be6 20. Qd3 Bf8 21. Nd2 f5 22. axb5 (22. Nf3 {with more complications.} f4 23. Bh2 f6 24. Nd2 Bf5 25. Rxe8 Rxe8 26. Qf3) 22... cxb5 23. Bxd5 Bxd5 24. Rxe8 Qxe8 25. Qxf5 Qc6 26. Nf3 f6 27. Qf4 a4 28. Qc7 Rc8 29. Qxc6 Rxc6 30. Bf4 a3 31. bxa3 Rxc3 32. Rb1 Bc4 33. d5 Bxd5 ({Black should try} 33... g5 $17 34. Be3 Rxa3) 34. Rxb5 $11 {The position is equal.} Bxf3 35. gxf3 Rxa3 36. Kg2 Ra2 37. Be3 Kf7 38. Bc5 Bxc5 {Accuracy: White = 51%, Black = 66%.} 1/2-1/2

[Event "EYCC Open-U18 2019"]
[Site "Bratislava"]
[Date "2019.08.05"]
[Round "4.21"]
[White "Guerra Rivera, Salvador"]
[Black "Baranciuc, Alexandr"]
[Result "1-0"]
[WhiteElo "2355"]
[BlackElo "1901"]
[Annotator "NA"]
[PlyCount "43"]
[EventDate "2019.08.02"]
[EventType "swiss"]
[EventCountry "SVK"]
[SourceTitle "playchess.com"]
[Source "ChessBase"]
[SourceQuality "1"]
[TimeControl "40/5400+30:1800+30"]

1. e4 {[%emt 0:00:00]} d6 {[%emt 0:00:00]} 2. d4 {[%emt 0:00:04]} Nf6 {[%emt 0:00:00]} 3. Nc3 {[%emt 0:00:16]} g6 {[%emt 0:00:02]} 4. Bg5 {[%emt 0:03:12]} Bg7 {[%emt 0:01:13]} 5. e5 {[%emt 0:00:31]} Nfd7 {[%emt 0:14:19]} 6. exd6 {[%emt 0:00:31]} cxd6 {[%emt 0:00:05]} 7. Qd2 {[%emt 0:00:04]} h6 {[%emt 0:00:05]} 8. Be3 {[%emt 0:01:43]} Nc6 {[%emt 0:00:57]} 9. O-O-O {[%emt 0:01:06]} Nf6 {[%emt 0:04:37]} 10. f3 {[%emt 0:02:08]} a6 {[%emt 0:11:36]} 11. Kb1 {[%emt 0:18:55]} b5 {[%emt 0:03:36]} 12. d5 {[%emt 0:01:07]} Na5 {[%emt 0:05:14]} 13. Bd4 {[%emt 0:01:10]} O-O {[%emt 0:09:44]} 14. g4 {[%emt 0:04:22]} Bd7 {[%emt 0:03:05]} 15. Be2 {[%emt 0:13:10]} Rc8 {[%emt 0:11:36]} 16. h4 {[%emt 0:03:35]} Qc7 {[%emt 0:02:01]} 17. g5 {[%emt 0:02:39]} b4 {[%emt 0:00:27]} 18. gxf6 {[%emt 0:01:00]} bxc3 {[%emt 0:03:18]} 19. Bxc3 {[%emt 0:00:13]} Bxf6 {[%emt 0:01:49]} 20. Bxa5 {[%emt 0:00:29]} Qb7 {[%emt 0:00:16]} 21. c4 {[%emt 0:01:18]} Bf5+ {[%emt 0:00:56]} 22. Ka1 {[%emt 0:00:09]} 1-0

[Event "EYCC Open-U18 2019"]
[Site "Bratislava"]
[Date "2019.08.05"]
[Round "4.22"]
[White "Santryan, Davit"]
[Black "Garayev, Kanan"]
[Result "1/2-1/2"]
[WhiteElo "2167"]
[BlackElo "2351"]
[Annotator "TA"]
[PlyCount "51"]
[EventDate "2019.08.02"]
[EventType "swiss"]
[EventCountry "SVK"]
[SourceTitle "playchess.com"]
[Source "ChessBase"]
[SourceQuality "1"]

{[%evp 9,51,19,27,36,35,21,22,0,66,57,57,65,64,64,66,66,66,77,72,70,77,37,66,60,69,72,66,72,88,69,81,59,47,36,45,50,29,69,68,41,7,0,0,0]} 1. d4 d5 2. Nf3 e6 3. c4 a6 4. Nc3 Nf6 5. cxd5 exd5 6. Bg5 {D37: Queen's Gambit Declined: 5 Bf4} Be6 7. Bxf6 $146 (7. e3 Nbd7 8. Bd3 h6 9. Bf4 g5 10. Bg3 Nh5 11. Be5 Nhf6 12. Bg3 Nh5 13. Ne2 Nxg3 14. Nxg3 {1-0 (61) Leko,P (2679)-Caruana,F (2832) Germany 2019}) 7... Qxf6 8. Qb3 b5 (8... Ra7 $11) 9. a4 $1 $14 (9. Nxd5 $2 Qd8 $19) 9... b4 10. Nxd5 Qd8 11. e4 c6 12. Qe3 $1 cxd5 13. exd5 Qxd5 {Strongly threatening ...Bd6.} 14. Rc1 $1 {Bc4 is the strong threat.} Be7 {[#]} 15. Bd3 $1 {[%cal Rd3e4] Hoping for Be4.} Qd8 16. Be4 $1 {[%cal Re4a8]} Nd7 17. d5 $1 {[%cal Rd5e6]} Bxd5 ({Don't go for} 17... Bg4 $2 {[#]} 18. d6 $1 $18 {[%mdl 512]}) 18. Bxd5 Rc8 19. Rxc8 Qxc8 20. Ng5 O-O {And now ...Bxg5 would win.} 21. Qxe7 {[%mdl 64] Double Attack} Qc1+ 22. Ke2 Qxb2+ 23. Kf3 Qc3+ $1 24. Qe3 Qf6+ 25. Qf4 {Black must now prevent Rd1.} Qc3+ $1 26. Qe3 {Accuracy: White = 70%, Black = 84%.} 1/2-1/2

[Event "EYCC Open-U18 2019"]
[Site "Bratislava"]
[Date "2019.08.05"]
[Round "4.23"]
[White "Garanin, Aleksei"]
[Black "Erenberg, Ariel"]
[Result "0-1"]
[WhiteElo "2192"]
[BlackElo "2442"]
[Annotator "NA"]
[PlyCount "60"]
[EventDate "2019.08.02"]
[EventType "swiss"]
[EventCountry "SVK"]
[SourceTitle "playchess.com"]
[Source "ChessBase"]
[SourceQuality "1"]
[TimeControl "40/5400+30:1800+30"]

1. d4 {[%emt 0:00:00]} Nf6 {[%emt 0:00:00]} 2. c4 {[%emt 0:00:00]} e6 {[%emt 0:00:00]} 3. Nf3 {[%emt 0:00:00]} b6 {[%emt 0:00:00]} 4. g3 {[%emt 0:00:00]} Ba6 {[%emt 0:00:00]} 5. b3 {[%emt 0:00:14]} d5 {[%emt 0:00:40]} 6. Bg2 {[%emt 0:03:20]} Bb4+ {[%emt 0:06:18]} 7. Bd2 {[%emt 0:02:39]} Be7 {[%emt 0:00:40]} 8. Qc2 {[%emt 0:03:24]} O-O {[%emt 0:03:00]} 9. O-O {[%emt 0:00:17]} c6 {[%emt 0:13:17]} 10. Rd1 {[%emt 0:04:22]} Nbd7 {[%emt 0:03:49]} 11. Bf4 {[%emt 0:08:55]} Rc8 {[%emt 0:00:52]} 12. Nbd2 {[%emt 0:01:36]} Nh5 {[%emt 0:00:13]} 13. Be3 {[%emt 0:03:01]} f5 {[%emt 0:00:40]} 14. Nf1 {[%emt 0:05:07]} Qe8 {[%emt 0:10:56]} 15. a4 {[%emt 0:05:25]} Nhf6 {[%emt 0:01:21]} 16. a5 {[%emt 0:07:32]} b5 {[%emt 0:00:32]} 17. Ne5 {[%emt 0:03:27]} bxc4 {[%emt 0:11:20]} 18. bxc4 {[%emt 0:00:52]} c5 {[%emt 0:05:45]} 19. f4 {[%emt 0:12:56]} cxd4 {[%emt 0:03:07]} 20. Bxd4 {[%emt 0:01:19]} Nxe5 {[%emt 0:04:16]} 21. fxe5 {[%emt 0:00:30]} Rxc4 {[%emt 0:01:19]} 22. Qb2 {[%emt 0:00:39]} Ne4 {[%emt 0:03:49]} 23. Bxe4 {[%emt 0:04:55]} fxe4 {[%emt 0:00:18]} 24. Bxa7 {[%emt 0:00:34]} Qh5 {[%emt 0:03:24]} 25. Bd4 {[%emt 0:06:46]} Rb4 {[%emt 0:01:00]} 26. Qd2 {[%emt 0:00:29]} Qxe2 {[%emt 0:04:53]} 27. Ne3 {[%emt 0:03:14]} Qxd2 {[%emt 0:03:28]} 28. Rxd2 {[%emt 0:00:01]} Bg5 {[%emt 0:00:58]} 29. Re1 {[%emt 0:00:47]} Rf3 {[%emt 0:00:50]} 30. Bb6 {[%emt 0:03:14]} Rb3 {[%emt 0:02:15]} 0-1

[Event "EYCC Open-U18 2019"]
[Site "Bratislava"]
[Date "2019.08.05"]
[Round "4.24"]
[White "Halfhide, Sebastian"]
[Black "Miesbauer, Jan"]
[Result "1/2-1/2"]
[WhiteElo "2286"]
[BlackElo "2409"]
[Annotator "TA"]
[PlyCount "99"]
[EventDate "2019.08.02"]
[EventType "swiss"]
[EventCountry "SVK"]
[SourceTitle "playchess.com"]
[Source "ChessBase"]
[SourceQuality "1"]

{[%evp 15,99,2,35,29,34,10,14,14,12,12,37,5,8,11,22,14,31,28,18,13,20,22,7,25,45,23,20,-37,0,-47,-57,-41,0,-18,-5,-10,-24,-47,-37,-29,83,-8,0,-2,0,0,0,0,0,0,0,0,0,0,0,0,0,0,0,0,0,0,0,0,0,0,0,0,0,0,0,0,0,0,0,0,0,0,0,0,0,0,0,0,0,0]} 1. e4 e6 2. d4 d5 3. Nd2 Be7 4. Ngf3 Nf6 5. e5 Nfd7 6. Bd3 c5 7. c3 Nc6 8. O-O a5 9. a4 {C06: French Tarrasch: 3...Nf6 4 e5 Nfd7 5 Bd3 main lines} b6 10. Qe2 cxd4 11. cxd4 Nb4 12. Bb5 Ba6 (12... O-O {feels hotter.} 13. Nb1 Nb8 14. Nc3 Bb7 15. Bd2 N8c6) 13. Nb1 Bxb5 14. axb5 O-O 15. Nc3 Rc8 16. Bd2 {[#]} Re8 $146 ({Predecessor:} 16... Qc7) 17. Rfc1 f6 18. exf6 Bxf6 19. Bf4 Rc4 20. Qd2 (20. Rd1 {is more complex.} g5 21. Be5 Nxe5 22. Nxe5 Rc7 23. Rac1) 20... e5 21. Nxe5 (21. dxe5 $11 Nxe5 22. Nxe5 Bxe5 23. Bxe5 Rxe5 24. Re1 Rxe1+ 25. Rxe1) 21... Nxe5 22. Bxe5 Bxe5 23. dxe5 Rxe5 (23... d4 $5 {[%cal Rd4c3]} 24. Ne4 Rxc1+ 25. Qxc1 Rxe5 {[%mdl 64] Double Attack} 26. Qc4+ Rd5 $11) 24. Ne2 Qe8 25. Nd4 Re4 26. Nf5 Re2 27. Qd1 {[#] And now Nd6 would win.} h6 ({Worse is} 27... Qxb5 28. Nd4 $16) (27... Rf4 $11 {remains equal.} 28. Nd6 Qe5 29. Rc8+ Rf8 30. Rxf8+ Kxf8) 28. Rxc4 (28. Nd6 $16 Qe6 29. Nxc4 dxc4 30. Qf1) 28... dxc4 $11 {The position is equal.} 29. Ne3 $1 $132 {[%mdl 2048] White is fighting back} Rxe3 30. fxe3 Qxe3+ {[%mdl 4096] Endgame KQR-KQN} 31. Kf1 Nd3 {[%csl Gd3][%cal Re3f2]} 32. Qf3 Qe5 33. Rd1 Qxb5 ({Reject} 33... Nxb2 $6 34. Qd5+ Qxd5 35. Rxd5 $16) 34. Qa8+ Kf7 35. Qf3+ Kg6 36. Qg4+ Kf6 37. Qf3+ Qf5 {[#]} 38. b3 $1 {[%mdl 512]} Qxf3+ (38... cxb3 39. Rxd3) 39. gxf3 cxb3 40. Rxd3 {KR-KP} a4 41. Rd6+ {[%mdl 64] Double Attack} Ke5 42. Rxb6 Kd4 $1 {[%cal Rd4c3]} 43. Ke2 Kc3 $1 44. Kd1 $1 {[%cal Rd1c1] Threatens to win with Kc1.} Kb2 45. Re6 $1 a3 {Hoping for ...a2.} 46. Re2+ Kb1 {White must now prevent ...a2.} 47. Re3 $1 {[%cal Re3b3]} Ka2 (47... Kb2 $5 48. Re2+ $8 Ka1 $11) 48. Re1 Kb2 {Strongly threatening ...a2.} 49. Re2+ Ka1 {...b2 is the strong threat.} (49... Kb1 $5 50. Re3 $8 Ka2 $11) 50. Re3 {Accuracy: White = 65%, Black = 58%.} 1/2-1/2

[Event "EYCC Open-U18 2019"]
[Site "Bratislava"]
[Date "2019.08.05"]
[Round "4.25"]
[White "Akdogan, Alperen"]
[Black "Mitsis, Georgios"]
[Result "0-1"]
[WhiteElo "2193"]
[BlackElo "2399"]
[Annotator "TA"]
[PlyCount "88"]
[EventDate "2019.08.02"]
[EventType "swiss"]
[EventCountry "SVK"]
[SourceTitle "playchess.com"]
[Source "ChessBase"]
[SourceQuality "1"]

{[%evp 9,88,14,29,29,34,22,25,20,16,13,18,0,0,0,0,0,5,-2,0,9,8,15,18,4,9,4,18,18,28,28,41,16,12,25,27,0,0,8,49,12,46,37,52,-9,-30,-48,1,0,35,0,0,-62,-30,-38,-40,-66,-72,-28,-37,-587,-583,-814,-814,-1064,-1048,-1090,-797,-1332,-1291,-2073,-1831,-2475,-2007,-29986,-29987,-29987,-29988,-29988,-29989,-29989,-29990]} 1. d4 Nf6 2. Nf3 d5 3. c4 e6 4. g3 Bb4+ 5. Bd2 Bd6 (5... Be7 6. Bg2 O-O 7. O-O Nbd7 8. Qc2 c6 9. Rc1 b6 10. cxd5 cxd5 11. Qd1 Bb7 12. a3 a6 13. Bf4 Rc8 14. Nbd2 Rxc1 15. Rxc1 Qa8 16. Ne5 Nxe5 17. Bxe5 {½-½ (41) Mamedyarov,S (2790)-Radjabov,T (2756) Shamkir 2019}) 6. Bg2 {E01: Catalan: Early deviations} c6 7. Qc2 Nbd7 8. O-O {White has an edge.} O-O 9. Rd1 Qe7 10. Bf4 Bxf4 11. gxf4 b6 12. e3 $146 ({Predecessor:} 12. Ne5 Bb7 {½-½ (25) Heinatz,G (2182)-Klek,H (2244) Germany 2012}) 12... Bb7 13. Nc3 Rfc8 14. Ne5 g6 15. Rac1 Nf8 16. Qa4 Ne8 17. c5 f6 18. Nd3 Nd7 19. e4 Nc7 20. Re1 {[#] exd5 is the strong threat.} Qf7 21. Re3 bxc5 22. Nxc5 Nxc5 23. dxc5 Rd8 {Threatens to win with ...d4.} 24. exd5 cxd5 (24... exd5 $5 {[%cal Rd5d4]} 25. Ne2 Re8 $11) 25. Ne2 Re8 26. Qd4 (26. Rg3 $14) 26... e5 $36 {[%mdl 2048] White is under pressure.} 27. Qa4 Rab8 28. Rb3 a6 29. Nc3 Ba8 30. Rd1 (30. Rb6 $11) 30... Rbd8 31. Rb6 d4 {aiming for ...Bxg2.} 32. Ne4 Bxe4 $1 33. Bxe4 Ne6 34. Qxa6 $2 {[%mdl 8192]} (34. Bc6 $15 Re7 35. fxe5) 34... Nxc5 $19 {[%mdl 64] [#] Double Attack} 35. Qe2 exf4 36. f3 f5 37. Qb5 Nxe4 38. fxe4 fxe4 39. Rb7 Qe6 40. Qg5 f3 41. Rc1 e3 {Black mates.} 42. Rcc7 f2+ 43. Kg2 Qe4+ 44. Kg3 f1=N+ {Accuracy: White = 32%, Black = 60%.} 0-1

[Event "EYCC Open-U18 2019"]
[Site "Bratislava"]
[Date "2019.08.05"]
[Round "4.26"]
[White "Mirri, Pietro"]
[Black "Parkhov, Yair"]
[Result "0-1"]
[WhiteElo "2194"]
[BlackElo "2354"]
[Annotator "TA"]
[PlyCount "118"]
[EventDate "2019.08.02"]
[EventType "swiss"]
[EventCountry "SVK"]
[SourceTitle "playchess.com"]
[Source "ChessBase"]
[SourceQuality "1"]

{[%evp 17,118,0,0,-2,6,9,18,-8,5,14,13,10,23,0,8,4,35,-14,-14,-7,-22,-11,-8,-18,-27,-26,-12,-23,-8,-34,-21,-104,-120,-137,-25,-193,-208,-210,-215,-259,-228,-229,-229,-350,-125,-125,-125,-125,-125,-125,-125,-125,-125,-116,-102,-102,-101,-125,-125,-125,-116,-125,-125,-125,-125,-125,-125,-125,-125,-125,-125,-125,-125,-1282,-1150,-1196,-125,-1048,-674,-1143,-1171,-1100,-1047,-884,-686,-29983,-29984,-29984,-29984,-29989,-2008,-1788,-1700,-29979,-29980,-29980,-29980,-29980,-29981,-29982,-29983,-29987,-29988]} 1. d4 d5 2. c4 c6 3. Nf3 Nf6 4. g3 Bg4 5. Bg2 e6 6. O-O Nbd7 7. b3 Be7 8. Bb2 O-O 9. Nc3 h6 10. Re1 {D11: Slav Defence: 3 Nf3 sidelines and 3...Nf6 4 e3 Bg4} Qa5 (10... a5 11. h3 Bf5 12. Nd2 Bb4 13. a3 Bxc3 14. Bxc3 Ne4 15. Nxe4 Bxe4 16. f3 Bg6 17. e4 Qb6 {0-1 (50) Tsaruk,M (2329)-Zhigalko,S (2695) Orsha 2019}) 11. a3 Rad8 $146 ({Predecessor:} 11... Rfd8 12. Nd2 Rac8 13. Qc2 Bf5 14. e4 Bh7 15. b4 Qb6 16. Qb3 dxe4 17. Ndxe4 Nxe4 18. Nxe4 {½-½ (37) Nguyen,T-Cao,S (2535) Dong Nai 1995}) 12. b4 {The position is equal.} Qc7 13. Qb3 Nb6 14. Ne5 Bf5 15. e4 dxe4 16. Nxe4 Nbd7 17. f4 Nxe4 18. Bxe4 Bxe4 19. Rxe4 b5 20. Rc1 {Strongly threatening cxb5.} (20. c5 {keeps more tension.} Nf6 21. Re2 Nd5 22. a4 a6 23. a5) 20... Nxe5 21. fxe5 {aiming for cxb5.} Qb7 22. Ree1 Rd7 23. Qf3 a5 24. bxa5 (24. c5 $11) 24... bxc4 $17 25. Re2 Ra8 ({Black should play} 25... Qb5 $17 26. a4 Qxa4) 26. Qc3 $2 (26. Rxc4 $11 {and White stays safe.} Rxa5 27. Rec2 (27. Qxc6 Bxa3 28. Qxb7 Rxb7 $11)) 26... c5 $19 27. Qxc4 Rxa5 28. Bc3 Rxa3 29. dxc5 Qc6 $1 30. Bb4 (30. Bd2 {was worth a try.}) 30... Rad3 $2 (30... Ra4 $19 {has better winning chances. Threatens to win with ...Qf3.} 31. Qc3 Rb7) 31. Qe4 $17 Rd1+ 32. Rxd1 Rxd1+ 33. Kg2 Qxe4+ 34. Rxe4 {[%mdl 4096] Endgame KRB-KRB} Rc1 35. h4 Bxc5 36. Bxc5 Rxc5 {KR-KR} 37. Kf3 h5 38. Kf4 Kh7 39. Ra4 Kg6 40. Re4 Rc1 {White must now prevent ...Rf1+.} 41. Ra4 Rf1+ 42. Ke4 Rb1 43. Kf4 Rb3 44. Rc4 f6 45. exf6 $2 {[%mdl 8192]} (45. Rc5 $17) 45... gxf6 $19 46. Rc8 e5+ $1 47. Ke4 Kf7 $1 48. Rc7+ {[#]} Ke6 $1 {[%csl Ge6][%cal Rf6f5]} 49. Rc6+ Ke7 50. Rc7+ {[#]} Kd6 $1 51. Rg7 {If White can now play Kf5 this consolidates a bit.} Ke6 {[%csl Ge6][%cal Rf6f5]} 52. Rg6 Ra3 53. g4 Ra4+ (53... hxg4 $142 54. h5 g3 55. h6 g2 56. h7 {[#]} g1=Q $1 {[%mdl 512]} 57. Rxf6+ Ke7 58. Rf7+ Kxf7 59. Kf5 Qf2+ 60. Kxe5 Qc5+ 61. Kf4 Ke6 62. Kg4 Qf5+ {[%mdl 64] Double Attack} 63. Kh4 Rh3#) 54. Kf3 Rxg4 55. Rxg4 hxg4+ {Black mates.} 56. Kxg4 Kf7 57. Kf5 Kg7 58. h5 Kh6 59. Kxf6 e4 {Accuracy: White = 37%, Black = 69%.} 0-1